LEADER 01007nam0 22002651i 450 001 UON00247289 005 20231205103616.824 100 $a20031217d1978 |0itac50 ba 101 $afre 102 $aFR 105 $a||||0 ||||| 200 1 $aAlbum Pascal$eiconographie$fréunie et commentée par Bernard Dorival 210 $aParis$cGallimard$d1978 215 $a[3], 204 p.$cin gran parte illustrate$d18 cm. 410 1$1001UON00067671$12001 $aBibliothèque de la Pléiade$1210 $aParis$cGallimard 606 $aPascal Blaise$3UONC044921$2FI 620 $aFR$dParis$3UONL002984 702 1$aDORIVAL$bBernard$3UONV142978 712 $aGallimard$3UONV246610$4650 801 $aIT$bSOL$c20250523$gRICA 899 $aSIBA - SISTEMA BIBLIOTECARIO DI ATENEO$2UONSI 912 $aUON00247289 950 $aSIBA - SISTEMA BIBLIOTECARIO DI ATENEO$dSI B.P PAS 01 $eSI LO 12839 5 01 996 $aAlbum Pascal$91235675 997 $aUNIOR LEADER 03156oas 2201045 a 450 001 9910304554203321 005 20260218110536.0 011 $a1347-0442 035 $a(DE-599)ZDB2133699-4 035 $a(OCoLC)53815012 035 $a(CONSER) 2010243556 035 $a(CKB)111054751708038 035 $a(DE-599)2133699-4 035 $a(EXLCZ)99111054751708038 100 $a20031202a20019999 sy a 101 0 $aeng 135 $aur||||||||||| 181 $ctxt$2rdacontent 182 $cc$2rdamedia 183 $acr$2rdacarrier 200 00$aChem-bio informatics journal =$eCBI ja?naru 210 $aTo?kyo? $cJo?ho? Keisan Kagaku Seibutsu Gakkai$d2001- 300 $aRefereed/Peer-reviewed 300 $aTitle from publisher's home page (viewed July 21, 2004). 311 08$a1347-6297 517 3 $aCBI 517 3 $aCBI ja?naru 606 $aBiochemistry$xComputer simulation$vPeriodicals 606 $aBiochemistry$xData processing$vPeriodicals 606 $aBiochemistry$xMathematical models$vPeriodicals 606 $aComputer Simulation 606 $aElectronic Data Processing 606 $aMathematical Computing 606 $aBiochimie$xSimulation par ordinateur$vPe?riodiques 606 $aBiochimie$xInformatique$vPe?riodiques 606 $aBiochimie$xMode?les mathe?matiques$vPe?riodiques 606 $aSimulation par ordinateur 606 $aInformatique 606 $asimulation$2aat 606 $aBiochemistry$xComputer simulation$2fast$3(OCoLC)fst00831964 606 $aBiochemistry$xData processing$2fast$3(OCoLC)fst00831967 606 $aBiochemistry$xMathematical models$2fast$3(OCoLC)fst00831973 608 $aPeriodical. 608 $aperiodicals.$2aat 608 $aPeriodicals.$2fast 608 $aPeriodicals.$2lcgft 608 $aPe?riodiques.$2rvmgf 615 0$aBiochemistry$xComputer simulation 615 0$aBiochemistry$xData processing 615 0$aBiochemistry$xMathematical models 615 12$aComputer Simulation. 615 22$aElectronic Data Processing. 615 22$aMathematical Computing. 615 6$aBiochimie$xSimulation par ordinateur 615 6$aBiochimie$xInformatique 615 6$aBiochimie$xMode?les mathe?matiques 615 6$aSimulation par ordinateur. 615 6$aInformatique. 615 7$asimulation. 615 7$aBiochemistry$xComputer simulation. 615 7$aBiochemistry$xData processing. 615 7$aBiochemistry$xMathematical models. 676 $a572 712 02$aChem-Bio Informatics Society, 801 0$bOUN 801 1$bOUN 801 2$bCGU 801 2$bOCLCQ 801 2$bAGL 801 2$bOCL 801 2$bCUS 801 2$bOCLCQ 801 2$bNLM 801 2$bTXJ 801 2$bUAB 801 2$bDLC 801 2$bOCLCQ 801 2$bOCLCO 801 2$bOCLCQ 801 2$bOCLCF 801 2$bOCLCQ 801 2$bUBY 801 2$bOCLCO 801 2$bOCLCQ 801 2$bOCLCL 801 2$bOCLCQ 906 $aJOURNAL 912 $a9910304554203321 996 $aChem-bio informatics journal$92250975 997 $aUNINA